000 01697cam a2200469 4500
003 PE-LiUPU
005 20250731173421.0
020 _a0829748091
035 _a(Sirsi) i9780829748093
035 _a(Sirsi) 47293
035 _a(Sirsi) 47293
041 _aes
044 _aus
082 0 4 _a248.42
_bA6
245 1 4 _aÉl nos dio apóstoles :
_bel ministerio apostólico en el siglo XXI /
_cEdgar R. Lee.
264 1 _aMiami, Florida :
_bVida,
_c2006
300 _a239 páginas ;
_c22 cm.
504 _aIncluye bibliografía en las páginas: 35 y 158
505 0 _aDocumentos del simposio -- Práctica apostólica -- Apostólico en doctrina -- El dilema acerca de la naturaleza apostólica de la misión en las misiones modernas -- Respuesta y reflexión -- Imitatio Christi y el carácter del ministerio apost
526 _aSEG42
526 _aSEG41
526 _aSEG40
526 _aSEG39
526 _aP94
526 _aP87
526 _aP86
526 _aP85
526 _aP77
526 _aP76
526 _aP35
650 1 4 _aApostolado (teología cristiana).
650 2 4 _aPentecostalismo.
700 1 _aLee, Edgar R.
_eed.
700 1 _aCoyotl, David A.
_etr.
942 _2ddc
_cBOOK
949 _a248.42 A6
_i64944
_lCCODEBUL1
_mBUL
_tLIBRO
_o.STAFF. Colección General
859 _q64944
_h248.42
_iA6
910 _agl
_bjv
_clch
_d20120625
596 _a1
999 _a248.42 A6
_wDEWEY
_c53652
_i64944
_d53652
_f2021-11-10
_g5
_lCCODEBUL1
_mBUL
_p12.00
_q1
_r0
_sY
_tBOOK
_u2015-7-6
_xTEOLOGIA
_PP35
_0COMPRA
_o.STAFF. Colección General
980 _81
_gALBERTO SANCHEZ Responsable de Automatización